000 00748nam a22002177a 4500
003 UA-OsUOA
001 79789
007 ta
008 20111121b un ||||| |||| 00| 0 ukr d
100 _aГончарук О.А.
090 _a330(477)
_bГ65
942 _cSA
040 _aUA-OsUOA
_bukr
_cUA-OsUOA
_dUA-OsUOA
245 _aОцінка структурних змін господарського комплексу в контексті забезпечення соціальної зорієнтованості економіки
300 _aС.38-42
955 _a0
041 _aukr
080 _a330(477)
773 0 _w79778
_tСтатистика України
_dК.
_d2011
_g3
650 7 _a330 Економіка взагалі
_2UDC
999 _c366137
_d366137